| 000 | 00744cab a2200217 4500 | ||
|---|---|---|---|
| 001 | WB3236-21 | ||
| 008 | 090401t1996 xxu||||| |||| 00| 0 eng d | ||
| 035 | _a(Sirsi) u7944 | ||
| 041 | _aeng | ||
| 245 | _aLenders give PFI the nod | ||
| 260 | _c1996 | ||
| 350 | _a0 | ||
| 490 |
_aProperty Week _v56 (13) 27 September 1996, 5(1) |
||
| 520 | _a65 per cent of banks and financial institutions are considering lending to a Private Finance Initiative scheme according to a report by the University of Greenwich and Chesterton International. | ||
| 650 | _aBANK LENDING | ||
| 650 | _aFINANCIAL INSTITUTIONS | ||
| 650 | _aPRIVATE FINANCE INITIATIVE | ||
| 690 | _aPROPERTY-PROPERTY FINANCE AND INVESTMENT | ||
| 942 | _n0 | ||
| 948 | _c04/03/1997 | ||
| 999 |
_c4836 _d4836 |
||